Гражданское право: учебник для вузов

Dades bibliogràfiques
Autor principal: Зенин И. А. Иван Александрович
Sumari:Изложены основные положения учебного курса «Гражданское право». Особенностью учебника является практическая направленность учебного материала, что должно помочь будущим юристам в их профессиональной деятельности. Содержание и структура учебника соответствуют требованиям Государственного образовательного стандарта высшего профессионального образования. Предназначен для студентов, магистрантов, аспирантов, преподавателей юридических факультетов и вузов.
Idioma:rus
Publicat: Москва, Высшее образование, 2008
Col·lecció:Высшее образование. Основы наук
Matèries:
Format: MixedMaterials Llibre
KOHA link:https://koha.lib.tpu.ru/cgi-bin/koha/opac-detail.pl?biblionumber=120443

MARC

LEADER 00000nam0a2200000 4500
001 120443
005 20231031125009.0
010 |a 9785969201996 
035 |a (RuTPU)RU\TPU\book\130418 
090 |a 120443 
100 |a 20070829d2008 m y0rusy50 ca 
101 0 |a rus 
102 |a RU 
105 |a y j 001zy 
200 1 |a Гражданское право  |e учебник для вузов  |f И. А. Зенин 
210 |a Москва  |c Высшее образование  |d 2008 
215 |a 567 с. 
225 1 |a Высшее образование. Основы наук 
320 |a Библиография в конце глав. 
330 |a Изложены основные положения учебного курса «Гражданское право». Особенностью учебника является практическая направленность учебного материала, что должно помочь будущим юристам в их профессиональной деятельности. Содержание и структура учебника соответствуют требованиям Государственного образовательного стандарта высшего профессионального образования. Предназначен для студентов, магистрантов, аспирантов, преподавателей юридических факультетов и вузов. 
606 1 |a Гражданское право   |2 stltpush  |3 (RuTPU)RU\TPU\subj\8516 
610 1 |a право 
610 1 |a гражданское право 
610 1 |a гражданские правоотношения 
610 1 |a юридические лица 
610 1 |a гражданские права 
610 1 |a защита 
610 1 |a гражданская ответственность 
610 1 |a право собственности 
610 1 |a вещные права 
610 1 |a интеллектуальная собственность 
610 1 |a авторское право 
610 1 |a смежные права 
610 1 |a патентное право 
610 1 |a товарные знаки 
610 1 |a коммерческая тайна 
610 1 |a ноу-хау 
610 1 |a наследственное право 
610 1 |a обязательства 
610 1 |a гражданско-правовой договор 
610 1 |a договор поставки 
610 1 |a договор контрактации 
610 1 |a договор электроснабжения 
610 1 |a договор купли-продажи 
610 1 |a договор аренды 
610 1 |a договор найма 
610 1 |a договор подряда 
610 1 |a возмездное оказание услуг 
610 1 |a страхование 
610 1 |a займы 
610 1 |a кредиты 
610 1 |a факторинг 
610 1 |a авторский договор 
610 1 |a патентно-лицензионные договоры 
610 1 |a франчайзинг 
610 1 |a простые товарищества 
610 1 |a причинение вреда 
610 1 |a необоснованное обогащение 
610 1 |a учебники 
686 |a Х623я73  |v LBC/SL-A  |2 rubbk 
700 1 |a Зенин  |b И. А.  |g Иван Александрович 
801 1 |a RU  |b 63413507  |c 20070829  |g PSBO 
801 2 |a RU  |b 63413507  |c 20160115  |g PSBO 
900 |a Право 
900 |a Правоведение 
942 |c BK 
951 |a 521400  |b 030500  |b 030501 
959 |a 50/20070829  |d 3  |e 145,00  |f ЧЗГЛ:1  |f АНЛ:2